DCS World Modules - Statistics

General Stats
  • This quiz has been taken 21 times
  • The average score is 22 of 43
Answer Stats
Answer % Correct
F-15C
95%
F-16C Viper
95%
F/A-18C Hornet
95%
F-14 Tomcat
90%
Mig-19P Farmer
80%
Su-27
80%
Mig-15bis
75%
Mig-21bis
75%
AH-64D
70%
F-5E Tiger II
70%
P-51D Mustang
70%
Su-33
70%
Mig-29
65%
Su-25
65%
M-2000C
60%
Spitfire LF Mk. IX
60%
UH-1H Huey
60%
A-10C II Tank Killer
55%
A-10A
50%
AJS-37 Viggen
50%
Black Shark 3
50%
Fw 190 A-8
50%
Fw 190 D-9 Dora
50%
JF-17 Thunder
50%
Mi-8MTV2
50%
Mosquito FB VI
50%
AV-8B N/A Harrier
45%
Bf 109 K-4 Kurfurst
45%
Mi-24P Hind
45%
Mirage F1
45%
L-39 Albatross
40%
P-47D Thunderbolt
40%
F-86F Sabre
35%
MB-339
30%
Supercarrier
30%
C-101 Aviojet
25%
Combined Arms
25%
SA342 Gazelle
25%
I-16
20%
Christen Eagle II
15%
WWII Asset Pack
15%
Yak-52
15%
Flaming Cliffs 3
10%
No matching quizzes found
Score Distribution
Percent of People with Each Score
Percentile by Number Answered
Your Score History
You have not taken this quiz